Die teuersten Fußballtransfers - Innenverteidiger - Saison 2012-2013 - Statistiken

Allgemein
  • Dieses Quiz wurde 20 mal gespielt
  • Das Durchschnittsergebnis liegt bei 4 aus 11
Antwortstatistiken
Ablöse (M €) Nationalität Abgebender Verein Aufnehmender Verein Spieler % Korrekt
42,00 Brasilien AC Mailand Paris SG Thiago Silva
100%
12,50 Belgien Ajax Amsterdam Tottenham Jan Vertonghen
78%
40,00 Belgien Benfica Zenti S-Pb Axel Witsel
61%
15,20 Serbien AC Florenz Manchester City Matija Nastasic
44%
10,00 Spanien Atlético Madrid Bor. M'gladbach Álvaro Domínguez
39%
15,00 Republik Kongo Anzhi QPR Christopher Samba
28%
7,00 Deutschland 1.FC Nürnberg B. Leverkusen Philipp Wollscheid
28%
7,00 Kroatien Tottenham Lok Moskau Vedran Corluka
22%
8,00 Uruguay FC Sevilla Juventus Turin Martín Cáceres
17%
8,00 Frankreich Montpellier Newcastle United Mapou Yanga-Mbiwa
6%
15,00 England FC Everton Manchester City Jack Rodwell
0%
Keine übereinstimmenden Quizze gefunden
Verteilung der Resultate
Anzahl Personen mit jedem Resultat
Perzentil nach korrekt beantworteten Fragen
Ihre Resultats-Entwicklung
Sie haben dieses Quiz noch nicht gespielt